La tía tula /
Guardado en:
| Autor Principal: | |
|---|---|
| Formato: | Libro |
| Publicado: |
España :
Espasa-calpe,
1972
|
| Edición: | 11a. ed. |
| Series: | Austral, 122
|
| Materias: | |
| Etiquetas: |
Agregar Etiqueta
Sin Etiquetas, Sea el primero en etiquetar este registro!
|
| LEADER | 00534nam a22002055a 4500 | ||
|---|---|---|---|
| 001 | CEM.cems006357 | ||
| 005 | 20060214000000.0 | ||
| 008 | 130507s1972##################000#0#####d | ||
| 003 | CEMS | ||
| 082 | 0 | 4 | |a 863.6 |
| 100 | 1 | |a Unamuno, Miguel de | |
| 245 | 1 | 0 | |a La tía tula / |
| 250 | |a 11a. ed. | ||
| 260 | |a España : |b Espasa-calpe, |c 1972 | ||
| 300 | |a 149 p. | ||
| 490 | 0 | |a Austral, 122 | |
| 653 | |a Literatura | ||
| 653 | |a Novela española-siglo 20 | ||
| 653 | |a Novelas | ||
| 859 | |a CEMS |b BIB. CEMS - 11 de abril |h 863.6 |i Un1a11 |p 14836.87 |t Ej.1 | ||
